00780nam a2200193 u 450000100100000000500170001000800410002704000250006824501570009326000290025030000190027949000460029850400740034465000220041865000340044070000320047470000340050683000460054000003675820250429112052.0101130s1986 sp r 000 0 spa d aDO-SdBNPbspacBNPHU00aLos filósofos presocráticos /cintroducción general por Conrado Eggers Lan ; introducciones, traducciones y notas por Conrado Eggers Lan [et al.]. aMadrid :bGredos,c1986. a3 v. ;c20 cm.1 aBiblioteca clásica Gredos ;v12, 24, 28 aIncluye referencias bibliográficas y notas al pie de las páginas.20aHistoria antigua 24aFilosofía antiguaxHistoria1 aEggers Lan, Conrado,eintr.1 aJuliá, Victoria E.l,etrad. 0aBiblioteca clásica Gredos ;v12, 24, 28